000 00959cab a2200229 4500
001 ABS53286
008 090401t1995 xxu||||| |||| 00| 0 eng d
035 _a(Sirsi) u3265
041 _aeng
245 2 _aA strategy for redevelopment
260 _c1995
350 _a0
490 _aEuropean Property Newsletter
_v4(1) July 1995, 8-9(2)
520 _aReviews a strategy document for the European Bank for Reconstruction and Development (EBRD) which claims that a lack of affordable office space in Eastern Europe continues to hold back economic development. It puts forward creative solutions and details the loans to four property projects since it was set up in 1991.
650 _aEASTERN EUROPE
650 _aEUROPEAN BANK FOR RECONSTRUCTION AND DEVELOPMENT
650 _aPROPERTY LENDING
690 _aPROPERTY-COMMERCIAL PROPERTY-COMMERCIAL PROPERTY FINANCE AND INVESTMENT
690 _aOVERSEAS-EUROPE
942 _n0
948 _c04/03/1997
999 _c1996
_d1996